<?xml version="1.0" encoding="UTF-8"?>
<record
    xmlns:xsi="http://www.w3.org/2001/XMLSchema-instance"
    xsi:schemaLocation="http://www.loc.gov/MARC21/slim http://www.loc.gov/standards/marcxml/schema/MARC21slim.xsd"
    xmlns="http://www.loc.gov/MARC21/slim">

  <leader>00775nam a22001577a 4500</leader>
  <controlfield tag="003">OSt</controlfield>
  <controlfield tag="005">20150911104624.0</controlfield>
  <controlfield tag="008">150911b        xxu||||| |||| 00| 0 eng d</controlfield>
  <datafield tag="040" ind1=" " ind2=" ">
    <subfield code="c">RUA</subfield>
  </datafield>
  <datafield tag="082" ind1=" " ind2=" ">
    <subfield code="a">AGR &#x179C;&#x17C9;&#x17C1;&#x1784; 1995 B014 Or.1</subfield>
  </datafield>
  <datafield tag="100" ind1=" " ind2=" ">
    <subfield code="9">285</subfield>
    <subfield code="a">&#x179C;&#x17C9;&#x17C1;&#x1784; &#x17A0;&#x17CA;&#x17B6;&#x1784;</subfield>
  </datafield>
  <datafield tag="245" ind1=" " ind2=" ">
    <subfield code="a">&#x17A5;&#x1791;&#x17D2;&#x1792;&#x17B7;&#x1796;&#x179B;&#x1785;&#x1793;&#x17D2;&#x179B;&#x17C4;&#x17C7;&#x1795;&#x17D2;&#x179B;&#x17BC;&#x179C;&#x178A;&#x17BE;&#x179A;&#x1787;&#x17BB;&#x17C6;&#x179C;&#x17B7;&#x1789;&#x1780;&#x17BC;&#x1793;&#x179F;&#x17D2;&#x179A;&#x17C2;&#x1780;&#x17D2;&#x1793;&#x17BB;&#x1784;&#x1796;&#x17B7;&#x179F;&#x17C4;&#x1792;&#x1793;&#x17CD;&#x1787;&#x17C6;&#x179A;&#x17BE;&#x179F;&#x1791;&#x17B7;&#x17D2;&#x1793;&#x1795;&#x179B;&#x179F;&#x17D2;&#x179A;&#x17BC;&#x179C;&#x179F;&#x17D2;&#x179A;&#x17B6;&#x179B;&#x1785;&#x17C6;&#x1793;&#x17BD;&#x1793;&#x1794;&#x17D2;&#x179A;&#x17B6;&#x17C6;&#x1796;&#x17BC;&#x1787;&#x1793;&#x17C5;&#x1798;&#x178E;&#x17D2;&#x178C;&#x179B;&#x17A2;&#x1797;&#x17B7;&#x179C;&#x178C;&#x17D2;&#x178D;&#x1793;&#x17CD;&#x178A;&#x17B8;&#x17A5;&#x178A;&#x17D2;&#x178B;-&#x179F;&#x17D2;&#x179A;&#x17C2;&#x17A2;&#x17C6;&#x1794;&#x17B7;&#x179B;&#x1793;&#x17B6;&#x179A;&#x178A;&#x17BC;&#x179C;&#x1794;&#x17D2;&#x179A;&#x17B6;&#x17C6;&#x1784;&#x1786;&#x17D2;&#x1793;&#x17B6;&#x17C6;&#x17E1;&#x17E9;&#x17E9;&#x17E5;</subfield>
  </datafield>
  <datafield tag="260" ind1=" " ind2=" ">
    <subfield code="a">Phnom Penh</subfield>
    <subfield code="b">RUA</subfield>
    <subfield code="c">1995</subfield>
  </datafield>
  <datafield tag="300" ind1=" " ind2=" ">
    <subfield code="a">60p.</subfield>
    <subfield code="b">ill.</subfield>
    <subfield code="c">29cm.</subfield>
  </datafield>
  <datafield tag="942" ind1=" " ind2=" ">
    <subfield code="2">ddc</subfield>
    <subfield code="c">AGR</subfield>
  </datafield>
  <datafield tag="999" ind1=" " ind2=" ">
    <subfield code="c">265</subfield>
    <subfield code="d">265</subfield>
  </datafield>
  <datafield tag="952" ind1=" " ind2=" ">
    <subfield code="0">0</subfield>
    <subfield code="1">0</subfield>
    <subfield code="2">ddc</subfield>
    <subfield code="4">0</subfield>
    <subfield code="6">AGR_&#x179C;&#x17C1;&#x1784;_1995_000000000000000_B014_OR_1</subfield>
    <subfield code="7">0</subfield>
    <subfield code="9">1164</subfield>
    <subfield code="a">LBB</subfield>
    <subfield code="b">LBB</subfield>
    <subfield code="c">B014</subfield>
    <subfield code="d">2015-09-11</subfield>
    <subfield code="o">AGR &#x179C;&#x17C9;&#x17C1;&#x1784; 1995 B014 Or.1</subfield>
    <subfield code="p">RUA003626</subfield>
    <subfield code="r">2015-09-11</subfield>
    <subfield code="w">2015-09-11</subfield>
    <subfield code="y">AGR</subfield>
  </datafield>
  <datafield tag="952" ind1=" " ind2=" ">
    <subfield code="0">0</subfield>
    <subfield code="1">0</subfield>
    <subfield code="2">ddc</subfield>
    <subfield code="4">0</subfield>
    <subfield code="6">AGR_&#x179C;&#x17C1;&#x1784;_1995_000000000000000_B014_OR_2</subfield>
    <subfield code="7">0</subfield>
    <subfield code="9">1165</subfield>
    <subfield code="a">LBB</subfield>
    <subfield code="b">LBB</subfield>
    <subfield code="c">B014</subfield>
    <subfield code="d">2015-09-11</subfield>
    <subfield code="o">AGR &#x179C;&#x17C9;&#x17C1;&#x1784; 1995 B014 Or.2</subfield>
    <subfield code="p">RUA003992</subfield>
    <subfield code="r">2015-09-11</subfield>
    <subfield code="w">2015-09-11</subfield>
    <subfield code="y">AGR</subfield>
  </datafield>
  <datafield tag="952" ind1=" " ind2=" ">
    <subfield code="0">0</subfield>
    <subfield code="1">0</subfield>
    <subfield code="2">ddc</subfield>
    <subfield code="4">0</subfield>
    <subfield code="6">AGR_&#x179C;&#x17C1;&#x1784;_1995_000000000000000_B014_OR_3</subfield>
    <subfield code="7">0</subfield>
    <subfield code="9">1166</subfield>
    <subfield code="a">LBB</subfield>
    <subfield code="b">LBB</subfield>
    <subfield code="c">B014</subfield>
    <subfield code="d">2015-09-11</subfield>
    <subfield code="o">AGR &#x179C;&#x17C9;&#x17C1;&#x1784; 1995 B014 Or.3</subfield>
    <subfield code="p">RUA006572</subfield>
    <subfield code="r">2015-09-11</subfield>
    <subfield code="w">2015-09-11</subfield>
    <subfield code="y">AGR</subfield>
  </datafield>
  <datafield tag="952" ind1=" " ind2=" ">
    <subfield code="0">0</subfield>
    <subfield code="1">0</subfield>
    <subfield code="2">ddc</subfield>
    <subfield code="4">0</subfield>
    <subfield code="6">AGR_&#x179C;&#x17C1;&#x1784;_1995_000000000000000_B014_OR_4</subfield>
    <subfield code="7">0</subfield>
    <subfield code="9">1167</subfield>
    <subfield code="a">LBB</subfield>
    <subfield code="b">LBB</subfield>
    <subfield code="c">B014</subfield>
    <subfield code="d">2015-09-11</subfield>
    <subfield code="o">AGR &#x179C;&#x17C9;&#x17C1;&#x1784; 1995 B014 Or.4</subfield>
    <subfield code="p">RUA003998</subfield>
    <subfield code="r">2015-09-11</subfield>
    <subfield code="w">2015-09-11</subfield>
    <subfield code="y">AGR</subfield>
  </datafield>
  <datafield tag="952" ind1=" " ind2=" ">
    <subfield code="0">0</subfield>
    <subfield code="1">0</subfield>
    <subfield code="2">ddc</subfield>
    <subfield code="4">0</subfield>
    <subfield code="6">AGR_&#x179C;&#x17C1;&#x1784;_1995_000000000000000_B014_OR_5</subfield>
    <subfield code="7">0</subfield>
    <subfield code="9">1168</subfield>
    <subfield code="a">LBB</subfield>
    <subfield code="b">LBB</subfield>
    <subfield code="c">B014</subfield>
    <subfield code="d">2015-09-11</subfield>
    <subfield code="o">AGR &#x179C;&#x17C9;&#x17C1;&#x1784; 1995 B014 Or.5</subfield>
    <subfield code="p">RUA006306</subfield>
    <subfield code="r">2015-09-11</subfield>
    <subfield code="w">2015-09-11</subfield>
    <subfield code="y">AGR</subfield>
  </datafield>
</record>
